[Event "8th RTU Open 2018"]
[Site "Riga"]
[Date "2018.08.07"]
[Round "3"]
[White "Isik, Alparslan"]
[Black "Garriga Cazorla, Pere"]
[Result "0-1"]
[WhiteElo "2187"]
[BlackElo "2444"]
[Annotator "NA"]
[PlyCount "86"]
[EventDate "2018.08.06"]
[EventType "swiss"]
[EventCountry "LAT"]
[SourceTitle "playchess.com"]
[Source "ChessBase"]
[SourceQuality "1"]
[TimeControl "5400+30"]

1. d4 {[%emt 0:24:03]} Nf6 {[%emt 0:00:18]} 2. c4 {[%emt 0:00:03]} e6 {[%emt 0:00:05]} 3. Nf3 {[%emt 0:00:03]} d5 {[%emt 0:00:04]} 4. Nc3 {[%emt 0:00:03]} Bb4 {[%emt 0:01:51]} 5. cxd5 {[%emt 0:00:12]} exd5 {[%emt 0:00:06]} 6. Bf4 {[%emt 0:00:03]} O-O {[%emt 0:01:29]} 7. Rc1 {[%emt 0:00:13]} c6 {[%emt 0:01:09]} 8. e3 {[%emt 0:00:22]} Bf5 {[%emt 0:01:55]} 9. a3 {[%emt 0:05:47]} Be7 {[%emt 0:04:22]} 10. Bd3 {[%emt 0:00:56]} Bxd3 {[%emt 0:00:58]} 11. Qxd3 {[%emt 0:02:31]} Nbd7 {[%emt 0:00:10]} 12. h3 {[%emt 0:02:37]} Re8 {[%emt 0:00:29]} 13. O-O {[%emt 0:00:05]} a5 {[%emt 0:00:04]} 14. Qc2 {[%emt 0:05:55]} Nb6 {[%emt 0:08:00]} 15. Ne5 {[%emt 0:02:43]} Nfd7 {[%emt 0:04:04]} 16. Nxd7 {[%emt 0:05:09]} Qxd7 {[%emt 0:01:44]} 17. a4 {[%emt 0:00:09]} Nc4 {[%emt 0:01:41]} 18. b3 {[%emt 0:01:08]} Nd6 {[%emt 0:00:09]} 19. Rfe1 {[%emt 0:01:01]} Bf8 {[%emt 0:00:40]} 20. Red1 {[%emt 0:03:46]} Re6 {[%emt 0:05:28]} 21. Bxd6 {[%emt 0:15:27]} Rxd6 {[%emt 0:02:28]} 22. Kf1 {[%emt 0:02:28]} Re8 {[%emt 0:01:20]} 23. Qd3 {[%emt 0:00:10]} Rde6 {[%emt 0:01:06]} 24. Ne2 {[%emt 0:02:26]} Bd6 {[%emt 0:01:14]} 25. Rc2 {[%emt 0:02:09]} Bc7 {[%emt 0:01:25]} 26. Re1 {[%emt 0:04:43]} h5 {[%emt 0:01:52]} 27. Qf5 {[%emt 0:02:37]} g6 {[%emt 0:01:31]} 28. Qg5 {[%emt 0:00:50]} Re4 {[%emt 0:04:17]} 29. Ng3 {[%emt 0:01:41]} Bd8 {[%emt 0:01:09]} 30. Qh6 {[%emt 0:00:05]} R4e6 {[%emt 0:00:05]} 31. Rce2 {[%emt 0:00:56]} h4 {[%emt 0:01:45]} 32. Nh1 {[%emt 0:00:01]} f5 {[%emt 0:05:02]} 33. Qf4 {[%emt 0:01:56]} Re4 {[%emt 0:00:51]} 34. Qf3 {[%emt 0:01:57]} Be7 {[%emt 0:00:20]} 35. g3 {[%emt 0:00:30]} Bb4 {[%emt 0:00:59]} 36. Rd1 {[%emt 0:00:09]} Qe7 {[%emt 0:03:32]} 37. gxh4 {[%emt 0:00:29]} Qxh4 {[%emt 0:00:08]} 38. Qg3 {[%emt 0:00:37]} Qh5 {[%emt 0:01:11]} 39. Rd3 {[%emt 0:04:44]} f4 {[%emt 0:01:27]} 40. Qg4 {[%emt 0:00:01]} Qxg4 {[%emt 0:00:15]} 41. hxg4 {[%emt 0:00:01]} f3 {[%emt 0:00:08]} 42. Rc2 {[%emt 0:00:03]} Rxg4 {[%emt 0:00:04]} 43. Ng3 {[%emt 0:00:08]} Kg7 {[%emt 0:00:30]} 0-1

[Event "8th RTU Open 2018"]
[Site "Riga"]
[Date "2018.08.07"]
[Round "3"]
[White "Jazdanovs, Aleksandrs"]
[Black "Ruiz Castillo, Joshua Daniel"]
[Result "0-1"]
[WhiteElo "2042"]
[BlackElo "2415"]
[Annotator "NA"]
[PlyCount "62"]
[EventDate "2018.08.06"]
[EventType "swiss"]
[EventCountry "LAT"]
[SourceTitle "playchess.com"]
[Source "ChessBase"]
[SourceQuality "1"]
[TimeControl "5400+30"]

1. e4 {[%emt 0:00:11]} e6 {[%emt 0:00:00]} 2. d4 {[%emt 0:00:13]} d5 {[%emt 0:00:00]} 3. Nc3 {[%emt 0:00:15]} Bb4 {[%emt 0:00:00]} 4. exd5 {[%emt 0:00:05]} exd5 {[%emt 0:00:00]} 5. Bd3 {[%emt 0:00:06]} Nf6 {[%emt 0:05:30]} 6. Nge2 {[%emt 0:02:31]} O-O {[%emt 0:02:10]} 7. O-O {[%emt 0:02:44]} Bg4 {[%emt 0:01:48]} 8. Bg5 {[%emt 0:04:01]} c6 {[%emt 0:00:20]} 9. Qd2 {[%emt 0:03:54]} Nbd7 {[%emt 0:08:02]} 10. a3 {[%emt 0:01:52]} Bd6 {[%emt 0:17:06]} 11. h3 {[%emt 0:03:04]} Bh5 {[%emt 0:00:37]} 12. Nf4 {[%emt 0:02:47]} Bg6 {[%emt 0:00:28]} 13. Nxg6 {[%emt 0:01:08]} fxg6 {[%emt 0:04:45]} 14. Rfe1 {[%emt 0:08:49]} Qc7 {[%emt 0:01:14]} 15. Re6 {[%emt 0:03:52]} Nh5 {[%emt 0:08:11]} 16. Rae1 {[%emt 0:05:02]} Bh2+ {[%emt 0:02:01]} 17. Kh1 {[%emt 0:00:19]} Nf4 {[%emt 0:02:08]} 18. Bxf4 {[%emt 0:00:34]} Bxf4 {[%emt 0:00:05]} 19. Qe2 {[%emt 0:01:23]} Bd6 {[%emt 0:00:07]} 20. g3 {[%emt 0:09:31]} Nf6 {[%emt 0:00:52]} 21. Kg2 {[%emt 0:00:54]} Rf7 {[%emt 0:01:05]} 22. Qe3 {[%emt 0:07:19]} Raf8 {[%emt 0:01:38]} 23. Re2 {[%emt 0:05:51]} Qd7 {[%emt 0:01:54]} 24. Qg5 {[%emt 0:04:02]} b5 {[%emt 0:05:02]} 25. f4 {[%emt 0:08:04]} Nh5 {[%emt 0:04:47]} 26. Qg4 {[%emt 0:13:00]} Bxf4 {[%emt 0:01:42]} 27. gxf4 {[%emt 0:01:21]} Nxf4+ {[%emt 0:00:11]} 28. Kh2 {[%emt 0:01:13]} h5 {[%emt 0:01:33]} 29. Qg3 {[%emt 0:00:48]} Nxe2 {[%emt 0:01:17]} 30. Rxe2 {[%emt 0:00:20]} Rf3 {[%emt 0:00:03]} 31. Qg2 {[%emt 0:01:16]} Qd6+ {[%emt 0:00:15]} 0-1

[Event "8th RTU Open 2018"]
[Site "Riga"]
[Date "2018.08.07"]
[Round "3"]
[White "Pavlov, Sergey"]
[Black "Kuznecovs, Nikita"]
[Result "1-0"]
[WhiteElo "2003"]
[BlackElo "2280"]
[Annotator "NA"]
[PlyCount "61"]
[EventDate "2018.08.06"]
[EventType "swiss"]
[EventCountry "LAT"]
[SourceTitle "playchess.com"]
[Source "ChessBase"]
[SourceQuality "1"]
[TimeControl "5400+30"]

1. Nf3 {[%emt 0:00:00]} Nf6 {[%emt 0:00:00]} 2. d4 {[%emt 0:00:29]} e6 {[%emt 0:00:02]} 3. e3 {[%emt 0:00:09]} c5 {[%emt 0:01:20]} 4. Bd3 b6 {[%emt 0:00:10]} 5. O-O {[%emt 0:00:57]} Be7 6. c4 {[%emt 0:02:22]} cxd4 {[%emt 0:00:45]} 7. exd4 {[%emt 0:02:24]} d6 {[%emt 0:06:26]} 8. Nc3 Bb7 9. d5 {[%emt 0:01:37]} e5 {[%emt 0:01:02]} 10. Nh4 {[%emt 0:16:50]} O-O {[%emt 0:05:41]} 11. Nf5 {[%emt 0:03:36]} Re8 {[%emt 0:00:09]} 12. f4 {[%emt 0:02:10]} Bf8 {[%emt 0:03:43]} 13. fxe5 {[%emt 0:06:27]} dxe5 {[%emt 0:04:09]} 14. Bg5 {[%emt 0:02:06]} Nbd7 {[%emt 0:33:01]} 15. Ne4 {[%emt 0:02:50]} Kh8 {[%emt 0:02:49]} 16. Nfd6 {[%emt 0:07:26]} Bxd6 {[%emt 0:10:02]} 17. Nxd6 {[%emt 0:00:14]} Qc7 {[%emt 0:00:04]} 18. Nxe8 {[%emt 0:06:10]} Rxe8 {[%emt 0:01:00]} 19. Kh1 {[%emt 0:10:12]} e4 {[%emt 0:10:58]} 20. Be2 {[%emt 0:04:16]} Qe5 {[%emt 0:00:06]} 21. Qc1 {[%emt 0:03:37]} e3 {[%emt 0:08:02]} 22. Bf4 {[%emt 0:02:50]} Qe4 {[%emt 0:00:07]} 23. Qc3 {[%emt 0:03:25]} b5 {[%emt 0:06:14]} 24. Bd3 {[%emt 0:06:17]} b4 {[%emt 0:01:02]} 25. Qc2 {[%emt 0:07:47]} Qd4 {[%emt 0:02:30]} 26. Rad1 {[%emt 0:00:31]} Qb6 {[%emt 0:00:29]} 27. Qe2 {[%emt 0:01:11]} h5 {[%emt 0:01:59]} 28. Rf3 {[%emt 0:01:43]} Ng4 {[%emt 0:01:39]} 29. h3 {[%emt 0:00:17]} g5 {[%emt 0:00:20]} 30. Bxg5 {[%emt 0:01:30]} Rg8 {[%emt 0:00:40]} 31. Bxe3 {[%emt 0:00:55]} 1-0